La Réponse est… trouvez ce qui relie tout ! #1 - Statistiques

Statistiques générales
  • Ce quiz a été pris 127 fois
  • Le résultat moyen est 24 sur 50
Statistiques - réponses
Indice Réponse % Correct
Partie colorée de l'oeil Iris
97%
Arme explosive qu'on lance Grenade
92%
Faire les... : aller au supermarché Course
85%
Groupe de La Réponse est un {Fruit}
84%
Opérateur téléphonique français Orange
84%
Partie arrondie de l'arrosoir Pomme
82%
Fruit dans lequel on s'évanouit Pomme
82%
Retourner sa...: changer de camp par opportunisme Veste
82%
Groupe de La Réponse est une {Fleur}
77%
L'Age de ... : période préhistorique Pierre
74%
Serrer la... : se serrer la main en argot Pince
74%
Groupe de La Réponse est un {Vêtement}
70%
Tendon reliant le mollet au talon Achille
67%
Avoir la forme, de l'énergie Pêche
67%
Groupe de La Réponse est un {Prénom}
66%
Maison de Némo Anémone
65%
Prénom de Duras et Yourcenar Marguerite
65%
Couleur et aspect visuel d'un vin Robe
65%
Race de chien d'origine allemande Berger
64%
Groupe de La Réponse est un {Animal}
63%
Oiseau en argot Piaf
62%
Avoir des yeux de...: vue perçante Lynx
60%
Groupe de La Réponse est un {Sport}
55%
Cylindre de la machine à laver Tambour
54%
Groupe de La Réponse est un {Métier}
52%
Groupe de La Réponse est un {Outil}
52%
Unité de mesure de la pression Pascal
49%
Partir en...: déraper complètement Vrille
49%
Groupe de La Réponse est un {Instrument}
47%
Couche géologique entre croûte et noyau Manteau
46%
Pierre précieuse verte d'Asie Jade
44%
Obstruer un trou ou un passage Boucher
43%
Voiture en argot Caisse
43%
Nuance de violet pâle Lilas
31%
Fou, cinglé en argot Marteau
29%
Combat syndical ou politique Lutte
24%
Composante électronique miniature Puce
24%
Personne malpropre ou histoire grivoise Cochon
22%
Pull à col légèrement ouvert Polo
21%
Jeune talent soutenu par un mentor Poulain
20%
File de voitures qui avance par à-coups Accordéon
15%
Opéra de Rossini Barbier
15%
Etendue marine semi-fermée Golf
14%
Etoile en japonais Hoshi
13%
Gamme musicale mélancolique Mineur
13%
Groupe de La Réponse est une {Chanteuse française}
10%
Vent tropical régulier Alizée
8%
Formations géologiques basaltiques en colonnes Orgue
8%
Prendre une... : subir une lourde défaite Culotte
5%
Figure acrobatique des gymnastes Ciseau
3%
Aucun quiz correspondant
Distribution des résultats
% des personnes avec chaque résultat
Percentile par nombre de réponses
Votre historique - résultats
Vous n’avez pas pris ce quiz